[Event "Europe Echecs online op April"]
[Site "Europe Echecs INT"]
[Date "2020.04.11"]
[Round "7"]
[White "Moig, Sebastien"]
[Black "Van Hoolandt, Patrick"]
[Result "0-1"]
[WhiteElo "1640"]
[BlackElo "2076"]
[PlyCount "154"]
[EventDate "2020.04.11"]
[EventType "swiss (blitz)"]
[EventRounds "11"]
[EventCountry "FRA"]
[SourceTitle "EXT 2021"]
[Source "ChessBase"]
[SourceDate "2020.10.23"]
[SourceVersion "1"]
[SourceVersionDate "2020.10.23"]
[SourceQuality "1"]

1. Nf3 d5 2. c4 e6 3. d4 Nf6 4. Nc3 Bb4 5. Qb3 c5 6. a3 Bxc3+ 7. bxc3 Nc6 8. cxd5 exd5 9. Bf4 c4 10. Qc2 Qa5 11. Ne5 Nxd4 12. Qd2 Nb3 13. Qe3 d4 14. Nc6+ dxe3 15. Nxa5 exf2+ 16. Kxf2 Nxa1 17. e4 Nxe4+ 18. Ke3 Nxc3 19. Bxc4 Nc2+ 20. Kd3 Bf5+ 21. Kxc3 0-0 22. g4 Bg6 23. h4 Nxa3 24. h5 Be4 25. Re1 Nxc4 26. Nxc4 Bd5 27. Ne3 Rac8+ 28. Kd4 Be6 29. Ke4 Rfe8 30. Kf3 Rc3 31. Kf2 a5 32. h6 a4 33. Be5 Rc5 34. Bxg7 a3 35. Ra1 a2 36. Nf5 Rc2+ 37. Kg3 Bxf5 38. gxf5 b5 39. Rd1 b4 40. Rd4 b3 41. Rb4 a1Q 42. Bxa1 Re3+ 43. Kf4 Rce2 44. Rb8+ Re8 45. Rxb3 Re1 46. Rg3+ Kf8 47. Bg7+ Ke7 48. f6+ Kd6 49. Rd3+ Kc5 50. Rc3+ Kd4 51. Rc7 Rf1+ 52. Kg3 Re3+ 53. Kg2 Rf5 54. Rd7+ Kc5 55. Rxf7 Re4 56. Rc7+ Kd6 57. Rc3 Rg4+ 58. Rg3 Rxg3+ 59. Kxg3 Ke6 60. Kg4 Rf1 61. Kg5 Kf7 62. Kg4 Kg6 63. Kg3 Kg5 64. Kg2 Rf5 65. Kg3 Rf4 66. Kg2 Kg4 67. Kg1 Kg3 68. Bf8 Rxf6 69. Be7 Rxh6 70. Kf1 Kf3 71. Bg5 Rg6 72. Be3 Re6 73. Ba7 Ra6 74. Bd4 Ra4 75. Bf6 h5 76. Kg1 h4 77. Bxh4 Rxh4 0-1